[Event "Scandinavian Thematic!"]
[Site "SchemingMind.com"]
[Date "2018.11.02"]
[Round "-"]
[White "jolasebabes"]
[Black "Geoffrey Rosser"]
[Result "1-0"]
[WhiteCountry "POR"]
[BlackCountry "ENG"]
[WhiteElo "2179"]
[WhiteRD "71"]
[BlackElo "1852"]
[BlackRD "62"]
[GameID "434132"]

1. e4 d5 2. exd5 Qxd5 3. Nc3 Qd8 4. d4 Nf6 5. Nf3 e6 6. Bd3 Nc6 7. O-O Be7 8. Ne4 Nxe4 9. Bxe4 Bd7 10. Re1 O-O
11. c3 Rb8 12. a4 a5 13. Bf4 Bf6 14. Qc2 g6 15. Bh6 Bg7 16. Bxg7 Kxg7 17. b3 f6 18. Re2 Ne7 19. Rd1 Qc8 20. h4 Bc6
21. Bxc6 Nxc6 22. Rde1 Nd8 23. c4 c5 24. dxc5 Qxc5 25. Rd1 e5 26. Rd5 Qc7 27. Qd2 Rf7 28. Qxa5 Qxa5 29. Rxa5 Rd7 30. Rd2 Rxd2
31. Nxd2 Nc6 32. Rb5 f5 33. b4 Kf6 34. a5 Ke6 35. Nb3 Kd6 36. Nc5 Kc7 37. a6 Nd4 38. Rxb7+ Rxb7 39. Nxb7 e4 40. b5 Kb6
41. Nd6 Nb3 42. Nc8+ Kc7 43. a7 Kb7 44. b6 Nc5 45. Nd6+ Ka8 46. Nb5
1-0

[Event "Scandinavian Thematic!"]
[Site "SchemingMind.com"]
[Date "2018.11.01"]
[Round "-"]
[White "Geoffrey Rosser"]
[Black "Andrea Carra"]
[Result "0-1"]
[WhiteCountry "ENG"]
[BlackCountry "ITA"]
[WhiteElo "1862"]
[WhiteRD "65"]
[BlackElo "2026"]
[BlackRD "89"]
[GameID "434156"]

1. e4 d5 2. exd5 Qxd5 3. Nc3 Qd8 4. d4 Nf6 5. Nf3 Bg4 6. Bc4 e6 7. Be3 Be7 8. h3 Bh5 9. g4 Bg6 10. Ne5 Nbd7
11. Nxg6 hxg6 12. Qf3 c6 13. Ne4 Nb6 14. Bb3 Nxe4 15. Qxe4 Nd5 16. O-O-O Nxe3 17. fxe3 Qc7 18. Bxe6 fxe6 19. Qxg6+ Kd7 20. Qxg7 Rag8
21. Qf7 Rf8 22. Qg6 Qg3 23. Qd3 Rxh3 24. Rxh3 Qxh3 25. e4 Qxd3 26. cxd3 Rf4 27. Rg1 Bf6 28. e5 Bg5 29. Kc2 Rxd4 30. Kc3 c5
31. b4 Rxb4 32. a3 Rd4 33. Rg2 Kc6 34. Rg1 Kd5 35. Rh1 Rxg4 36. Rh7 Kc6 37. Rh8 Bf4 38. Rc8+ Kb6
0-1

[Event "Scandinavian Thematic!"]
[Site "SchemingMind.com"]
[Date "2018.11.02"]
[Round "-"]
[White "Andrea Carra"]
[Black "Geoffrey Rosser"]
[Result "1-0"]
[WhiteCountry "ITA"]
[BlackCountry "ENG"]
[WhiteElo "2026"]
[WhiteRD "89"]
[BlackElo "1862"]
[BlackRD "65"]
[GameID "434157"]

1. e4 d5 2. exd5 Qxd5 3. Nc3 Qd6 4. d4 Nf6 5. Nf3 a6 6. g3 Nc6 7. Bg2 e5 8. Qe2 Nxd4 9. Nxd4 Qxd4 10. Be3 Qb4
11. O-O-O Be7 12. Bg5 Bg4 13. f3 Be6 14. Qxe5 O-O 15. Qf4 Qxf4+ 16. Bxf4 c6 17. a3 Nd5 18. Nxd5 Bxd5 19. Be3 Rfe8 20. Bb6 g5
21. Rhg1 f6 22. f4 Bxg2 23. Rxg2 g4 24. Rgd2 Kf7 25. Rd7 Rab8 26. Re1 Kf8 27. Rexe7 Rxe7 28. Bc5 Re8 29. Rxb7 Kf7 30. Rxe7+ Rxe7
31. Bxe7 Kxe7 32. c4 Kd6 33. b4 Ke6 34. Kd2 Kd6 35. Kd3 Ke6 36. a4 Kd6 37. b5 cxb5 38. cxb5 axb5 39. axb5 Kc5 40. Ke4 Kxb5
41. Kf5 Kc5 42. Kxf6 Kd4 43. Kg5
1-0

[Event "Scandinavian Thematic!"]
[Site "SchemingMind.com"]
[Date "2018.11.02"]
[Round "-"]
[White "Andrea Carra"]
[Black "DHall"]
[Result "0-1"]
[WhiteCountry "ITA"]
[BlackCountry "ENG"]
[WhiteElo "1971"]
[WhiteRD "92"]
[BlackElo "2410"]
[BlackRD "91"]
[GameID "434158"]

1. e4 d5 2. exd5 Qxd5 3. Nc3 Qa5 4. d4 Nf6 5. Nf3 c6 6. Bd2 Bf5 7. Bc4 e6 8. Nd5 Qd8 9. Nxf6+ Qxf6 10. O-O Nd7
11. c3 Bd6 12. Re1 h6 13. Qe2 Bg4 14. Bd3 Bxf3 15. Qxf3 Qxf3 16. gxf3 Nf6 17. f4 g6 18. f3 O-O-O 19. Kf2 c5 20. Be3 Nh5
21. dxc5 Bxf4 22. Rad1 Bxh2 23. Ke2 Bg3 24. Rf1 Bf4 25. Bxf4 Nxf4+ 26. Ke3 g5 27. Bc4 Rxd1 28. Rxd1 Rd8 29. Rd4 h5 30. Rxd8+ Kxd8
31. Kf2 h4 32. Bf1 f5 33. b4 g4 34. c4 g3+
0-1

[Event "Scandinavian Thematic!"]
[Site "SchemingMind.com"]
[Date "2018.11.02"]
[Round "-"]
[White "DHall"]
[Black "Andrea Carra"]
[Result "1-0"]
[WhiteCountry "ENG"]
[BlackCountry "ITA"]
[WhiteElo "2405"]
[WhiteRD "87"]
[BlackElo "2001"]
[BlackRD "90"]
[GameID "434159"]

1. e4 d5 2. exd5 Qxd5 3. Nc3 Qd8 4. d4 Nf6 5. Nf3 Bg4 6. h3 Bxf3 7. Qxf3 c6 8. Be3 e6 9. Bd3 Be7 10. O-O-O O-O
11. Kb1 Nbd7 12. g4 Nd5 13. Nxd5 cxd5 14. h4 Nb6 15. g5 g6 16. h5 Bd6 17. Rh4 Nc4 18. hxg6 fxg6 19. Qh3 Qe7 20. Rh1 Rf7
21. Bxg6
1-0

[Event "Scandinavian Thematic!"]
[Site "SchemingMind.com"]
[Date "2018.11.01"]
[Round "-"]
[White "Andrea Carra"]
[Black "Johnny Owens"]
[Result "0-1"]
[WhiteCountry "ITA"]
[BlackCountry "USA"]
[WhiteElo "2026"]
[WhiteRD "89"]
[BlackElo "2315"]
[BlackRD "71"]
[GameID "434160"]

1. e4 d5 2. exd5 Qxd5 3. Nc3 Qd6 4. d4 Nf6 5. Nf3 c6 6. Bc4 Bg4 7. Bxf7+ Kxf7 8. O-O Nbd7 9. Bg5 h6 10. Be3 Re8
11. h3 Bh5 12. g4 Bg6 13. Nh4 Bh7 14. f4 e6 15. Qf3 Bxc2 16. Bf2 g5 17. fxg5 hxg5 18. Qe2 Rxh4 19. Bxh4 Qxd4+ 20. Bf2 Qd3
21. Qe3 e5 22. Qxg5 Qxh3
0-1

[Event "Scandinavian Thematic!"]
[Site "SchemingMind.com"]
[Date "2018.11.01"]
[Round "-"]
[White "Johnny Owens"]
[Black "Andrea Carra"]
[Result "1/2-1/2"]
[WhiteCountry "USA"]
[BlackCountry "ITA"]
[WhiteElo "2315"]
[WhiteRD "71"]
[BlackElo "2026"]
[BlackRD "89"]
[GameID "434161"]

1. e4 d5 2. d4 dxe4 3. Nc3 Nf6 4. f3 exf3 5. Nxf3 Bg4 6. h3 Bxf3 7. Qxf3 c6 8. Be3 e6 9. Bd3 Nbd7 10. O-O-O Bb4
11. Ne2 O-O 12. Kb1 Nd5 13. g4 Qf6 14. Qe4 Qg6 15. Qf3 Qf6 16. Qe4 Qg6 17. Qf3 Qf6 18. Qe4
1/2-1/2

[Event "Scandinavian Thematic!"]
[Site "SchemingMind.com"]
[Date "2018.11.03"]
[Round "-"]
[White "Andrea Carra"]
[Black "Keithk"]
[Result "0-1"]
[WhiteCountry "ITA"]
[BlackCountry "ENG"]
[WhiteElo "2026"]
[WhiteRD "89"]
[BlackElo "2544"]
[BlackRD "64"]
[GameID "434162"]

1. e4 d5 2. exd5 Qxd5 3. Nc3 Qa5 4. d4 Nf6 5. Bd2 Bg4 6. Nf3 c6 7. Bc4 e6 8. O-O Qb6 9. Bc1 Nbd7 10. Bb3 Bxf3
11. Qxf3 Qxd4 12. Bf4 Bd6 13. Bxd6 Qxd6 14. Rad1 Qc7 15. Qe2 O-O 16. Rd4 b5 17. Rfd1 a6 18. Ne4 c5 19. Ng5 cxd4
0-1

[Event "Scandinavian Thematic!"]
[Site "SchemingMind.com"]
[Date "2018.11.01"]
[Round "-"]
[White "Keithk"]
[Black "Andrea Carra"]
[Result "1-0"]
[WhiteCountry "ENG"]
[BlackCountry "ITA"]
[WhiteElo "2544"]
[WhiteRD "64"]
[BlackElo "2026"]
[BlackRD "89"]
[GameID "434163"]

1. e4 d5 2. exd5 Qxd5 3. Nc3 Qd8 4. d4 Nf6 5. Nf3 Bg4 6. h3 Bxf3 7. Qxf3 c6 8. Be3 e6 9. Bd3 Be7 10. O-O O-O
11. Ne4 Nbd7 12. Nxf6+ Nxf6 13. c4 Bd6 14. Rad1 Qc7 15. a3 Rfe8 16. Rfe1 Rad8 17. g3 e5 18. Bg5 Be7 19. dxe5 Nd7 20. e6 fxe6
21. Bxh7+ Kxh7 22. Qe4+ Kg8 23. Qxe6+ Kh8 24. Bxe7 Nf8 25. Bxd8
1-0

[Event "Scandinavian Thematic!"]
[Site "SchemingMind.com"]
[Date "2018.11.02"]
[Round "-"]
[White "Andrea Carra"]
[Black "splinter"]
[Result "1-0"]
[WhiteCountry "ITA"]
[BlackCountry "CAN"]
[WhiteElo "2026"]
[WhiteRD "89"]
[BlackElo "1805"]
[BlackRD "68"]
[GameID "434164"]

1. e4 d5 2. exd5 Qxd5 3. Nc3 Qa5 4. d4 c6 5. Nf3 Nf6 6. Bd2 Qc7 7. Bc4 Bg4 8. O-O e6 9. h3 Bh5 10. Re1 Be7
11. Qe2 O-O 12. Bd3 Nbd7 13. Ne4 Nxe4 14. Bxe4 Rad8 15. g4 Bg6 16. Bxg6 hxg6 17. c3 Rfe8 18. Kg2 Nf8 19. Rh1 f6 20. Be3 Bd6
21. Qc2 Bf4 22. Nh4 g5 23. Ng6 Bxe3 24. fxe3 Qf7 25. Nxf8 Rxf8 26. h4 Rfe8 27. hxg5 Kf8 28. gxf6 gxf6 29. Rh8+
1-0

[Event "Scandinavian Thematic!"]
[Site "SchemingMind.com"]
[Date "2018.11.01"]
[Round "-"]
[White "splinter"]
[Black "Andrea Carra"]
[Result "0-1"]
[WhiteCountry "CAN"]
[BlackCountry "ITA"]
[WhiteElo "1805"]
[WhiteRD "68"]
[BlackElo "2026"]
[BlackRD "89"]
[GameID "434165"]

1. e4 d5 2. exd5 Qxd5 3. Nc3 Qd8 4. Nf3 g6 5. Bc4 Bg7 6. O-O Nc6 7. Ng5 Nh6 8. a3 O-O 9. d3 e6 10. Bd2 Nf5
11. Rb1 b6 12. Nf3 h6 13. g4 Nfd4 14. g5 h5 15. Ne4 e5 16. c3 Bg4 17. cxd4 Nxd4 18. Kg2 Bxf3+ 19. Qxf3 Nxf3 20. Kxf3 Kh7
21. Rg1 a6 22. Ke2 f5 23. Nc3 c6 24. f4 exf4 25. Bxf4 Re8+ 26. Kd2 b5 27. Bb3 Ra7 28. Rbd1 Rae7 29. h4 Qa5 30. Rg2 b4
31. axb4 Qxb4
0-1

[Event "Scandinavian Thematic!"]
[Site "SchemingMind.com"]
[Date "2018.11.02"]
[Round "-"]
[White "Andrea Carra"]
[Black "jolasebabes"]
[Result "0-1"]
[WhiteCountry "ITA"]
[BlackCountry "POR"]
[WhiteElo "1937"]
[WhiteRD "92"]
[BlackElo "2157"]
[BlackRD "77"]
[GameID "434166"]

1. e4 d5 2. exd5 Qxd5 3. Nc3 Qa5 4. d4 Nf6 5. Nf3 Bf5 6. Bd2 e6 7. Bc4 c6 8. O-O Qc7 9. Bg5 Be7 10. h3 h6
11. Be3 O-O 12. Qd2 b5 13. Bd3 Bxd3 14. Qxd3 Nbd7 15. Ne2 Rfd8 16. Bf4 Qb6 17. c3 Rac8 18. Qc2 c5 19. Rad1 Nd5 20. Bg3 c4
21. Nf4 N7f6 22. Rfe1 b4 23. Ne5 Bd6 24. Nxd5 exd5 25. f3 Re8 26. Re3 Re6 27. Rde1 Rce8 28. Kf1 Qa6 29. Qb1 Nd7 30. Bf4 Nxe5
31. dxe5 Bc5 32. R3e2 d4 33. cxd4 Bxd4 34. Rd1 Bb6 35. Bg3 c3 36. bxc3 bxc3 37. Qd3 Qa4 38. Qc2 Qa3 39. Bf2 Bxf2 40. Kxf2 Qc5+
41. Kf1 Rxe5 42. Rxe5 Qxe5 43. Qf2 Qb5+ 44. Kg1 Re2 45. Qd4 c2
0-1

[Event "Scandinavian Thematic!"]
[Site "SchemingMind.com"]
[Date "2018.11.02"]
[Round "-"]
[White "jolasebabes"]
[Black "Andrea Carra"]
[Result "1-0"]
[WhiteCountry "POR"]
[BlackCountry "ITA"]
[WhiteElo "2179"]
[WhiteRD "71"]
[BlackElo "2001"]
[BlackRD "90"]
[GameID "434167"]

1. e4 d5 2. exd5 Qxd5 3. Nc3 Qd8 4. d4 Nf6 5. Nf3 Bg4 6. h3 Bxf3 7. Qxf3 c6 8. Qd3 e6 9. Bf4 Bd6 10. Bg5 Nbd7
11. Be2 O-O 12. O-O-O Qc7 13. Kb1 Qb6 14. g4 Nd5 15. h4 Nf4 16. Bxf4 Bxf4 17. Qf3 Qc7 18. Bd3 Nb6 19. Ne2 Bd6 20. c4 Nd7
21. c5 Be7 22. g5 f6 23. Bxh7+ Kh8 24. Bg6
1-0